[Event "9. Forchheimer Sparkassen Open 2010"]
[Site "Forchheim"]
[Date "2010.10.03"]
[Round "5.59"]
[White "Pötzl, Alexander"]
[Black "Gebhardt, Andreas"]
[Result "1/2-1/2"]
[WhiteElo "1150"]
[BlackElo "1150"]
[PlyCount "70"]
[EventDate "2010.??.??"]
[WhiteTeam "TSV Kirchehrenbach"]
[BlackTeam "TSV Kirchehrenbach"]

1. e4 e5 2. Nf3 Bd6 3. Bc4 c5 4. Bd5 Nc6 5. d3 Nf6 6. Bg5 O-O 7. O-O h6 8. Bxf6
Qxf6 9. Nc3 a6 10. a4 Nd4 11. Nxd4 exd4 12. Ne2 Qh4 13. g3 Qg5 14. f4 Qe7 15.
f5 Rb8 16. Nf4 Bxf4 17. Rxf4 b5 18. b3 Bb7 19. c4 bxc4 20. dxc4 Bxd5 21. cxd5
g5 22. f6 Qe5 23. Qg4 Kh7 24. Rf5 Qd6 25. h4 Rxb3 26. hxg5 Qxg3+ 27. Qxg3 Rxg3+
28. Kf2 Rxg5 29. Rxg5 hxg5 30. Rh1+ Kg6 31. e5 Re8 32. Re1 Kf5 33. e6 dxe6 34.
d6 Rd8 35. Rc1 Rxd6 1/2-1/2